00742 2200181 4500245003600000020002200036250001100058100001500069700002900084650001700113005001900130260004000149041001400189084001100203300002300214500031400237336000900551 aArial & Adarac@helobagashText a978-602-208-180-7 aCet. 1 a@helobagas aRahastri Fajar Puspasari aNovel Remaja a20231010141827 aYogyakartabGradien Mediatamac2019 aIndonesia a808.83 a300 hlm. :c19 cm. aadella, kakak ariel, berulang tahun, dan dia diundang ke pestanya, wah ariel senang sekali menjadi putri duyung lagi dan mengunjungi keluarganya di bawah laut. kakak-kakaknya juga senang bertemu dengan ariel, bahkan dipuncak perayaan ulang tahunnya, adella berkata ' oh ariel, aku ingin kau tidak pernah pergi atext